[Event "Badalona op 46th"]
[Site "Badalona"]
[Date "2022.08.07"]
[Round "6"]
[White "Krishnan, Ritvik"]
[Black "Meessen, Rudolf"]
[Result "1-0"]
[WhiteElo "1968"]
[BlackElo "2217"]
[PlyCount "139"]
[EventDate "2022.08.02"]
[EventType "swiss"]
[EventRounds "9"]
[EventCountry "ESP"]
[SourceTitle "CBM 209 Extra"]
[Source "ChessBase"]
[SourceDate "2022.09.30"]
[SourceVersion "1"]
[SourceVersionDate "2022.09.30"]
[SourceQuality "1"]

1. e4 d6 2. d4 Nf6 3. Nc3 e5 4. Nf3 exd4 5. Nxd4 Be7 6. Be2 0-0 7. Bf4 Re8 8. Qd2 Nc6 9. 0-0-0 Nxd4 10. Qxd4 a6 11. f3 b5 12. Kb1 c5 13. Qd2 b4 14. Nd5 Nxd5 15. exd5 Bd7 16. Bc4 Bb5 17. Qd3 Qd7 18. Rhe1 Bf6 19. g4 g6 20. Bg3 Reb8 21. Re4 Qd8 22. Rde1 Bxc4 23. Qxc4 a5 24. R1e3 a4 25. Be1 Qf8 26. Bd2 Qg7 27. Qe2 h6 28. Bc1 a3 29. Re8+ Kh7 30. Rxb8 Rxb8 31. bxa3 Bg5 32. Rb3 Bxc1 33. Kxc1 Qa1+ 34. Kd2 Qd4+ 35. Qd3 Qf4+ 36. Qe3 Qxh2+ 37. Qe2 Qf4+ 38. Qe3 Qh2+ 39. Qe2 Qg1 40. Qe3 Qa1 41. axb4 Rxb4 42. Rxb4 cxb4 43. Qf4 Qc3+ 44. Kc1 Qa1+ 45. Kd2 Qc3+ 46. Kc1 Kg7 47. Qxd6 Qe3+ 48. Kb1 Qg1+ 49. Kb2 Qd4+ 50. Kb3 Qc3+ 51. Ka4 Qxf3 52. Kxb4 Qxg4+ 53. c4 Qd4 54. Qc6 h5 55. d6 h4 56. d7 h3 57. Qc7 h2 58. Qxh2 Qxd7 59. Qe5+ Kf8 60. a4 Qd2+ 61. Kb5 Qd7+ 62. Ka5 Qd2+ 63. Kb5 Qd7+ 64. Kb6 Qxa4 65. Qd6+ Ke8 66. c5 Qb4+ 67. Ka7 Qa5+ 68. Kb8 g5 69. Qe5+ Kd7 70. c6+ 1-0

[Event "Bundesliga 2122"]
[Site "Germany"]
[Date "2022.07.07"]
[Round "11.4"]
[White "Meessen, Rudolf"]
[Black "Zaragatski, Ilja"]
[Result "1-0"]
[WhiteElo "2226"]
[BlackElo "2515"]
[PlyCount "65"]
[EventDate "2022.03.05"]
[EventType "team-tourn"]
[EventRounds "15"]
[EventCountry "GER"]
[SourceTitle "CBM 209 Extra"]
[Source "ChessBase"]
[SourceDate "2022.09.30"]
[SourceVersion "1"]
[SourceVersionDate "2022.09.30"]
[SourceQuality "1"]
[WhiteTeam "Aachen"]
[BlackTeam "Viernheim"]
[WhiteTeamCountry "GER"]
[BlackTeamCountry "GER"]

1. d4 d5 2. Nc3 Nf6 3. Bf4 e6 4. Nb5 Na6 5. e3 Be7 6. Nf3 0-0 7. h4 c6 8. Nc3 b6 9. Ne5 Nb8 10. Qf3 c5 11. 0-0-0 Bb7 12. Bd3 Nc6 13. g4 Nb4 14. g5 Nxd3+ 15. cxd3 Ne8 16. h5 cxd4 17. g6 Nd6 18. exd4 Bf6 19. Qg4 Qe7 20. gxf7+ Nxf7 21. Rdg1 Bxe5 22. dxe5 Nh8 23. Rh3 Rf7 24. Rhg3 Rc8 25. Bg5 Qd7 26. Bf6 Rc7 27. Kb1 d4 28. Ne2 Kf8 29. Bxg7+ Rxg7 30. Qf4+ Ke8 31. Rxg7 Qxg7 32. Rxg7 Rxg7 33. Qf6 1-0